| 000 | 00670nam a2200265Ia 4500 | ||
|---|---|---|---|
| 001 | 542 | ||
| 005 | 20240113233419.0 | ||
| 007 | ta | ||
| 008 | 170921n ii |||gr||||Z||||||465 | ||
| 020 | _a0 600 01650 1 | ||
| 040 | _aCotton College,Assam | ||
| 041 | _a465 | ||
| 082 |
_a942.08 _bW 246 G |
||
| 100 | _aWarner, Oliver . | ||
| 245 | 0 |
_aGreat Sea Battles / _cOliver Warner. _hTextual Documents |
|
| 250 | _a1st ed. / | ||
| 260 |
_aLondon : _bSpring books , _c1968. |
||
| 300 |
_a303p. : _bill ; _c30cm. . |
||
| 500 | _a1/G/Ref | ||
| 653 | _aSea battles | ||
| 653 | _aReference-General | ||
| 942 |
_2ddc _cBK |
||
| 999 |
_c540 _d540 |
||